Top 100 Kendrick Lamar Songs - Statistics

General Stats
  • This quiz has been taken 112 times
  • The average score is 44 of 100
Answer Stats
Hint Answer % Correct
16. DAMN HUMBLE.
97%
21. TPAB Alright
83%
10. DAMN LOVE.
82%
1. GKMC Money Trees
81%
100. TPAB u
77%
15. DAMN DNA.
76%
20. GNX luther
76%
2. DAMN PRIDE.
76%
7. TPAB i
75%
5. GKMC m.A.A.d city
73%
17. GNX tv off
73%
18. Black Panther All The Stars
72%
22. TPAB King Kunta
72%
29. GNX squabble up
66%
27. DAMN DUCKWORTH.
65%
25. TPAB Wesley's Theory
65%
44. GKMC good kid
63%
39. Single Not Like Us
63%
9. GNX gloria
61%
61. DAMN LOYALTY.
61%
11. GKMC Sing About Me, I'm Dying Of Thirst
59%
14. DAMN XXX.
58%
8. MMATBS Count Me Out
57%
60. DAMN FEAR.
57%
12. GNX reincarnated
57%
51. MMATBS United In Grief
57%
23. Section.80 A.D.H.D
56%
43. DAMN ELEMENT.
56%
79. DAMN LUST.
56%
41. GKMC Bitch, Don't Kill My Vibe
55%
98. DAMN GOD.
54%
28. MMATBS N95
54%
55. GNX peekaboo
54%
42. GNX wacced out murals
54%
47. GKMC Poetic Justice
53%
46. TPAB The Blacker The Berry
52%
31. Single euphoria
51%
57. TPAB Mortal Man
49%
58. DAMN FEEL.
48%
54. Single meet the grahams
47%
4. TPAB These Walls
47%
48. GNX dodger blue
46%
56. MMATBS Father Time
46%
13. TPAB How Much A Dollar Cost
46%
73. GNX man at the garden
46%
69. untitled unmastered untitled 07
46%
50. DAMN YAH.
46%
37. GKMC Backseat Freestyle
45%
68. GKMC Compton
45%
96. TPAB Institutionalized
45%
83. untitled unmastered untitled 02
45%
38. GNX heart pt. 6
44%
34. Section.80 HiiiPower
44%
71. untitled unmastered untitled 01
44%
53. untitled unmastered untitled 08
44%
97. TPAB Momma
43%
19. Single The Heart Part 5
43%
88. untitled unmastered untitled 03
43%
59. untiteld unmastered untitled 06
43%
40. GNX hey now
42%
78. MMATBS Silent Hill
42%
33. MMATBS Die Hard
40%
70. GKMC The Art Of Peer Pressure
40%
35. GKMC The Recipe
39%
80. TPAB Hood Politics
38%
6. MMATBS Mother I Sober
37%
36. MMATBS Mirror
35%
65. MMATBS Purple Hearts
35%
24. GKMC Swimming Pools (Drank)
35%
3. unreleased The Prayer
35%
45. MMATBS Savior
34%
76. MMATBS Worldwide Steppers
34%
26. MMATBS Rich Spirit
33%
93. TPAB You Ain't Gotta Lie
33%
84. MMATBS Mr. Morale
32%
62. GKMC Now Or Never
32%
67. Section.80 Rigamortus
32%
92. MMATBS Crown
30%
30. Section.80 Hol' Up
27%
85. GKMC Sherane a.k.a Master Splinter's Daughter
27%
49. Single The Heart Part 4
26%
82. GKMC Black Boy Fly
25%
91. Section.80 Keisha's Song
22%
86. Section.80 Ronald Reagan Era
19%
90. Section.80 Chapter Six
18%
77. Section.80 Poe Man's Dreams
18%
66. Overly Dedicated Barbed Wire
17%
89. Black Panther Black Panther
15%
94. Section.80 Blow My High
14%
87. Section.80 Kush & Corinthians
14%
63. Overly Dedicated Ignorance Is Bliss
13%
52. TPAB Complexion (A Zulu Love)
12%
75. single County Building Blues
9%
74. Overly Dedicated P&P 1.5
9%
99. Overly Dedicated Cut You Off
8%
72. Overly Dedicated She Needs Me
8%
95. Overly Dedicated Average Joe
6%
81. Overly Dedicated Growing Apart
6%
32. Overly Dedicated Opposites Attract
6%
64. Section.80 F*ck Your Ethnicity
3%
No matching quizzes found
Score Distribution
Percent of People with Each Score
Percentile by Number Answered
Your Score History
You have not taken this quiz